| 000 | 01840nam a2200289 a 4500 | ||
|---|---|---|---|
| 001 | BRCA_2444 | ||
| 005 | 20190320203819.0 | ||
| 008 | 181108s1804----gw-#---###---#000-0dspa-u | ||
| 041 | _aspa | ||
| 044 | _agw | ||
| 084 |
_a084 _b.F76 _c1804 |
||
| 100 | 1 |
_aCervantes Saavedra, Miguel de _d1547-1616 _9213 |
|
| 245 | 1 | 0 |
_aEl Ingenioso Hidalgo Don Quixote de la Mancha _ccompuesto por Miguel de Cervantes Saavedra. |
| 260 |
_aBerlín _bEnrique Frölich _c1804 |
||
| 300 |
_a6 v. _c20 cm. |
||
| 500 | _aContiene : v 1. Primera parte. Dedicatoria. Prólogo del autor. Versos preliminares. Texto. -- v 2. Texto. -- v 3. Segunda parte. Dedicatoria. Prólogo del autor. Texto . -- v 4. Texto. -- v 5. Vida del autor y notas por A. Pellicer. Advertencia de Luis Ideler. Noticia de las obras que se citan en las notas. Texto. -- v 6. Texto | ||
| 500 | _aEsta edición, comentada por Luis Ideler, que adicionó las notas de Pellicer, está hecha, en cuanto al texto, sobre la de éste. Es una buena impresión, muy útil además, porque a las notas y la Vida de Cervantes escritas por Pellicer, se añadieron los comentarios de la Academia Española y de J. Bowle. Retrato de Cervantes primorosamente grabado por H. Lips. Hermoso ejemplar, impreso en buen papel y con tipo de letra claro. Piel; con adornos dorados en las lomeras y los planos. Cantos, contracantos y cortes dorados también Lúdovik Osterc | ||
| 500 | _aQM65 | ||
| 650 | 1 | 4 |
_aNovela española _yÉpoca clásica, 1500-1700 _9215 |
| 650 | 1 | 4 |
_aLiteratura española _yÉpoca clásica, 1500-1700 _9216 |
| 650 | 1 | 4 |
_aNovela española _ySiglo XVII _9217 |
| 650 | 1 | 4 |
_aDon Quijote (Personaje ficticio) _eNovela _9218 |
| 700 | 1 |
_aPellicer y Pilares, Juan Antonio _d1746-1799 _eBiógrafo _97144 |
|
| 740 | 0 | _aEl Ingenioso Hidalgo Don Quijote de la Mancha | |
| 902 | _aQFM | ||
| 942 |
_2lcc _cB |
||
| 999 |
_c2185 _d2185 |
||